LIBRARY & INFORMATION CENTRE, KCAET, TAVANUR

ONLINE PUBLIC ACCESS CATALOGUE (OPAC)

Precision Farming in Horticulture (Record no. 14685)

MARC details
000 -LEADER
fixed length control field 00285nam a22001217a 4500
020 ## - INTERNATIONAL STANDARD BOOK NUMBER
ISBN 9789383101849
082 ## - DEWEY DECIMAL CLASSIFICATION NUMBER
Classification number 631.1
Item number WOL/PR
100 ## - MAIN ENTRY--AUTHOR NAME
Personal name Wolfer,Georgy
245 ## - TITLE STATEMENT
Title Precision Farming in Horticulture
260 ## - PUBLICATION, DISTRIBUTION, ETC. (IMPRINT)
Place of publication Jaipur
Name of publisher Agrotech Press
Year of publication 2014
300 ## - PHYSICAL DESCRIPTION
Number of Pages 261
942 ## - ADDED ENTRY ELEMENTS (KOHA)
Koha item type Books
Holdings
Withdrawn status Lost status Damaged status Collection code Home library Current library Shelving location Date acquired Source of acquisition Cost, normal purchase price Full call number Accession Number Koha item type
        KAUAET KAUAET General Stacks 27/07/2016 Penta Books. 1895.00 631.1 WOL/PR 24193 Books
free website counter